| 000 | 01064nac a22003137a 4500 | ||
|---|---|---|---|
| 001 | BR0204850 | ||
| 003 | BR-BrBNA | ||
| 005 | 20240105122720.0 | ||
| 008 | 230509b bl.|||m| |||| 00| 0 por d | ||
| 040 |
_aBR-BrBNA _bpor _cBiblioteca Nacional de Agricultura |
||
| 072 | _aF30 | ||
| 090 | _a1410 BR0204850 | ||
| 100 | 1 | _aBuso, G.S.C. | |
| 100 | 1 | _aAmaral, Z.P. de S. | |
| 100 | 1 | _aMoretzsohn, M. de C. | |
| 100 | 1 | _aBrondani, C. | |
| 100 | 1 | _aSilva, H.T. da | |
| 110 | 1 | _aEMBRAPA Recursos Genéticos e Biotecnologia, Brasília, DF (Brasil) | |
| 245 | 1 | _aEstudo das relações genéticas de acessos de feijão utilizando marcadores RAPD | |
| 260 | 3 |
_aBrasília, DF (Brasil): _c2001. |
|
| 300 | _a21 p. | ||
| 490 |
_aBoletim de Pesquisa e Desenvolvimento - EMBRAPA Recursos Genéticos e Biotecnologia (Brazil) _vno. 9 _xISSN 1676-1340 |
||
| 500 | _aSummaries (En, Pt); 12 ref. | ||
| 650 | _aFEIJÃO | ||
| 650 | _aVARIAÇÃO GENÉTICA | ||
| 650 | _aMARCADOR MOLECULAR | ||
| 909 |
_a202312 _bLúcia Elande _c55 _dLúcia Elande |
||
| 942 |
_2AGRIS _n0 _cMS |
||
| 999 |
_c292472 _d292472 |
||